drapeaux LGBTQIA+ - Statistiques

Statistiques générales
  • Ce quiz a été pris 995 fois
  • Le résultat moyen est 9 sur 16
Statistiques - réponses
Par images Réponse % Correct
lesbien
97%
bisexuel
93%
gay
91%
pansexuel
90%
transgenre
87%
asexuel
80%
non-binaire
73%
aromantique
63%
intersexe
55%
genderfluid
46%
agenre
39%
aroace
31%
omnisexuel
29%
polyamoureux
24%
polysexuel
19%
pangenre
9%
Aucun quiz correspondant
Distribution des résultats
% des personnes avec chaque résultat
Percentile par nombre de réponses
Votre historique - résultats
Vous n’avez pas pris ce quiz